Management for filipinos: principles and applications (Record no. 2402)

MARC details
000 -LEADER
fixed length control field 00511nam a22001697a 4500
003 - CONTROL NUMBER IDENTIFIER
control field URS
005 - DATE AND TIME OF LATEST TRANSACTION
control field 20220114142128.0
008 - FIXED-LENGTH DATA ELEMENTS--GENERAL INFORMATION
fixed length control field 190507s2005 ph |||| |||| 00| 0 eng d
040 ## - CATALOGING SOURCE
Transcribing agency URS
Language of cataloging eng
Modifying agency rda
050 14 - LIBRARY OF CONGRESS CALL NUMBER
Classification number HD 31
Item number .I65 2005
100 ## - MAIN ENTRY--PERSONAL NAME
Personal name Iñigo, Conrado E.
245 10 - TITLE STATEMENT
Title Management for filipinos: principles and applications
Remainder of title principles and applications/
Statement of responsibility, etc. Conrado E. Iñigo
260 ## - PUBLICATION, DISTRIBUTION, ETC.
Place of publication, distribution, etc. Manila;
Date of publication, distribution, etc. [2015]
300 ## - PHYSICAL DESCRIPTION
Extent xvi, 320 pages:
Other physical details with illustrations;
Dimensions 25 cm.
650 ## - SUBJECT ADDED ENTRY--TOPICAL TERM
Topical term or geographic name entry element Management
942 ## - ADDED ENTRY ELEMENTS (KOHA)
Source of classification or shelving scheme Library of Congress Classification
Koha item type Filipiniana
Holdings
Withdrawn status Source of classification or shelving scheme Damaged status Not for loan Collection code Home library Current library Shelving location Date acquired Total Checkouts Full call number Barcode Date last seen Price effective from Koha item type
  Library of Congress Classification       Binangonan College Library Binangonan College Library Filipiniana Section 07/06/2023   HD 28 I56 2005 URSBIN-F1727 07/06/2023 07/06/2023 Filipiniana
  Library of Congress Classification     Non-fiction Cainta College Library Cainta College Library On Display 12/07/2017   HD 31.I65 2005 URSCAI-5013 12/07/2017 12/07/2017 Filipiniana
  Library of Congress Classification     Non-fiction Cainta College Library Cainta College Library On Display 12/07/2017   HD 31.I65 2005 URSCAI-5014 12/07/2017 12/07/2017 Filipiniana

University of Rizal System
Email us at univlibservices@urs.edu.ph

Visit our Website www.urs.edu.ph/library